Is the European monetary system converging to integration (Record no. 41132)

000 -LEADER
fixed length control field 01444pab a2200193 454500
008 - FIXED-LENGTH DATA ELEMENTS--GENERAL INFORMATION
fixed length control field 180718b1999 xxu||||| |||| 00| 0 eng d
100 ## - MAIN ENTRY--PERSONAL NAME
Personal name Leydesdorff, Loet
245 ## - TITLE STATEMENT
Title Is the European monetary system converging to integration
260 ## - PUBLICATION, DISTRIBUTION, ETC.
Date of publication, distribution, etc. 1999
300 ## - PHYSICAL DESCRIPTION
Extent p.57-86
362 ## - DATES OF PUBLICATION AND/OR SEQUENTIAL DESIGNATION
Dates of publication and/or sequential designation Mar
520 ## - SUMMARY, ETC.
Summary, etc. The emerging system at the European level can be conceptualized as a pattern of relations among member states that tends to be reproduced despite disturbances in individual trajectories. The Markov property is used as an indicator of systemness in the distribution. The individual trajectories of nations participating in the European Monetary System are assessed using an information theoretical model that is consistent with the Markov property in the multivariate case. Economic and monetary integration are analysed using independent data sets. Increasing integration can be retrieved in both of these dimensions, notably since the currency crises of 1992 and 1993. However, the dynamics for countries which have strongly coupled their currency to the German Mark are different from those which did not. Additionally, developments in inflation and exchange rates at the European level are assessed in relation to global developments. - Reproduced
650 ## - SUBJECT ADDED ENTRY--TOPICAL TERM
Topical term or geographic name entry element Currencies
650 ## - SUBJECT ADDED ENTRY--TOPICAL TERM
Topical term or geographic name entry element Monetary policy
650 ## - SUBJECT ADDED ENTRY--TOPICAL TERM
Topical term or geographic name entry element European monetary union
700 ## - ADDED ENTRY--PERSONAL NAME
Personal name Oomes, Nienke A.
773 ## - HOST ITEM ENTRY
Main entry heading Social Science Information
909 ## -
-- 41132
Holdings
Withdrawn status Lost status Damaged status Not for loan Permanent Location Current Location Date acquired Serial Enumeration / chronology Barcode Date last seen Price effective from Koha item type
        Indian Institute of Public Administration Indian Institute of Public Administration 2018-07-19 Volume no: 38, Issue no: 1 AR41508 2018-07-19 2018-07-19 Articles

Powered by Koha